Monetary and Fiscal Policies and the Dynamics of the Yield Curve in Morocco /

We estimate the latent factors that underlie the dynamics of the sovereign bond yield curve in Morocco during 2004-14 based on the Dynamic Nelson-Siegel model. On this basis, we explore the interaction between macroeconomic variables and the yield curve, which is of direct relevance to macroeconomic...

সম্পূর্ণ বিবরণ

গ্রন্থ-পঞ্জীর বিবরন
প্রধান লেখক: Ahokpossi, Calixte
অন্যান্য লেখক: Garcia Martinez, Pilar, Kemoe, Laurent
বিন্যাস: পত্রিকা
ভাষা:English
প্রকাশিত: Washington, D.C. : International Monetary Fund, 2016.
মালা:IMF Working Papers; Working Paper ; No. 2016/103
অনলাইন ব্যবহার করুন:Full text available on IMF
LEADER 02151cas a2200265 a 4500
001 AALejournalIMF016808
008 230101c9999 xx r poo 0 0eng d
020 |c 5.00 USD 
020 |z 9781484365465 
022 |a 1018-5941 
040 |a BD-DhAAL  |c BD-DhAAL 
100 1 |a Ahokpossi, Calixte. 
245 1 0 |a Monetary and Fiscal Policies and the Dynamics of the Yield Curve in Morocco /  |c Calixte Ahokpossi, Pilar Garcia Martinez, Laurent Kemoe. 
264 1 |a Washington, D.C. :  |b International Monetary Fund,  |c 2016. 
300 |a 1 online resource (31 pages) 
490 1 |a IMF Working Papers 
500 |a <strong>Off-Campus Access:</strong> No User ID or Password Required 
500 |a <strong>On-Campus Access:</strong> No User ID or Password Required 
506 |a Electronic access restricted to authorized BRAC University faculty, staff and students 
520 3 |a We estimate the latent factors that underlie the dynamics of the sovereign bond yield curve in Morocco during 2004-14 based on the Dynamic Nelson-Siegel model. On this basis, we explore the interaction between macroeconomic variables and the yield curve, which is of direct relevance to macroeconomic policy-making. In Morocco's context, we find that tighter monetary policy increases short-end maturities, and that the impact is small and short-lived. Economic activity is also briefly but significantly impacted, suggesting that even under a pegged exchange rate, monetary policy autonomy and effectiveness can be increased through greater central bank independence. Fiscal improvements significantly lower yield levels. Policy conclusions are that improvement in the fiscal and monetary policy frameworks, as well as greater financial sector development and inclusion, could benefit Morocco and strengthen the transmission mechanisms and effectiveness of macroeconomic policies. 
538 |a Mode of access: Internet 
700 1 |a Garcia Martinez, Pilar. 
700 1 |a Kemoe, Laurent. 
830 0 |a IMF Working Papers; Working Paper ;  |v No. 2016/103 
856 4 0 |z Full text available on IMF  |u http://elibrary.imf.org/view/journals/001/2016/103/001.2016.issue-103-en.xml  |z IMF e-Library